00305nam a2200121Ia 4500008004100000082001400041100001900055245003700074250000800111260002700119300001000146650002700156150201s2006 xx 000 0 und d a610bH06A aAGRAWAL , AMIT aGUIDE TO HEAD AND SPINE INJURIES a1ST bPARASaHYDERABADc2006 a1-228 aMEDICINE AND DIAGNOSIS